| 000 | 00433nam a2200181Ia 4500 | ||
|---|---|---|---|
| 001 | 5006 | ||
| 005 | 20260306145836.0 | ||
| 008 | 260306t2019||||xx |||||||||||||| ||spa|| | ||
| 041 | _aESP | ||
| 082 |
_a332.6 _bR36 |
||
| 100 |
_aReilly, Frank K. _eAUT |
||
| 245 | 0 | _aInvestment analysis & portfolio management | |
| 260 | _c2019 | ||
| 300 |
_a786 páginas : _c26 cm. |
||
| 650 | _aGEN | ||
| 654 | _aCAN | ||
| 942 |
_cLIB _dJUS _fJUS _2ddc _n |
||
| 999 |
_c5006 _d5006 |
||